[Event "Hull 4NCL International"]
[Site "Hull"]
[Date "2021.10.24"]
[Round "5.2"]
[White "Okhai, Shabir"]
[Black "Jones, Steven A"]
[Result "0-1"]
[WhiteElo "2234"]
[BlackElo "2324"]
[PlyCount "0"]
[EventDate "2021.10.22"]

1. e4 {[%clk 01:30:57]} {[%emt 00:00:02]} c5 {[%clk 01:30:39]} {[%emt
00:00:22]} 2. Nf3 {[%clk 01:31:21]} {[%emt 00:00:06]} Nc6 {[%clk 01:31:08]}
{[%emt 00:00:02]} 3. Bb5 {[%clk 01:31:43]} {[%emt 00:00:07]} g6 {[%clk
01:31:35]} {[%emt 00:00:03]} 4. O-O {[%clk 01:32:07]} {[%emt 00:00:06]} Bg7
{[%clk 01:32:04]} {[%emt 00:00:01]} 5. c3 {[%clk 01:32:30]} {[%emt 00:00:06]}
Nf6 {[%clk 01:32:18]} {[%emt 00:00:16]} 6. Re1 {[%clk 01:32:54]} {[%emt
00:00:07]} O-O {[%clk 01:32:16]} {[%emt 00:00:32]} 7. d4 {[%clk 01:33:09]}
{[%emt 00:00:14]} d5 {[%clk 01:32:16]} {[%emt 00:00:30]} 8. e5 {[%clk
01:33:33]} {[%emt 00:00:05]} Ne4 {[%clk 01:32:41]} {[%emt 00:00:05]} 9. Bxc6
{[%clk 01:34:00]} {[%emt 00:00:04]} bxc6 {[%clk 01:33:06]} {[%emt 00:00:06]} 10.
Be3 {[%clk 01:34:25]} {[%emt 00:00:04]} Rb8 {[%clk 01:27:12]} {[%emt 00:06:24]}
11. Qc1 {[%clk 01:33:52]} {[%emt 00:01:03]} c4 {[%clk 01:24:49]} {[%emt
00:02:53]} 12. Nbd2 {[%clk 01:31:43]} {[%emt 00:02:39]} Nxd2 {[%clk 01:18:48]}
{[%emt 00:06:32]} 13. Nxd2 {[%clk 01:31:23]} {[%emt 00:00:50]} c5 {[%clk
01:16:35]} {[%emt 00:02:43]} 14. dxc5 {[%clk 01:24:39]} {[%emt 00:07:14]} Bxe5
{[%clk 01:12:38]} {[%emt 00:04:27]} 15. Bh6 {[%clk 01:24:35]} {[%emt 00:00:33]}
Bg7 {[%clk 01:12:43]} {[%emt 00:00:25]} 16. Bxg7 {[%clk 01:24:55]} {[%emt
00:00:10]} Kxg7 {[%clk 01:13:08]} {[%emt 00:00:06]} 17. b4 {[%clk 01:24:59]}
{[%emt 00:00:26]} a5 {[%clk 01:08:30]} {[%emt 00:05:08]} 18. a3 {[%clk
01:22:28]} {[%emt 00:03:01]} f6 {[%clk 01:06:21]} {[%emt 00:02:39]} 19. f4
{[%clk 01:18:18]} {[%emt 00:04:40]} Re8 {[%clk 01:05:22]} {[%emt 00:01:30]} 20.
Nf3 {[%clk 01:16:40]} {[%emt 00:02:08]} Bg4 {[%clk 01:02:50]} {[%emt 00:03:01]}
21. Nd4 {[%clk 01:10:57]} {[%emt 00:06:12]} Qc8 {[%clk 01:01:43]} {[%emt
00:01:38]} 22. h3 {[%clk 01:09:54]} {[%emt 00:01:33]} Bd7 {[%clk 00:57:34]}
{[%emt 00:04:39]} 23. c6 {[%clk 00:56:54]} {[%emt 00:13:31]} Bxc6 {[%clk
00:56:14]} {[%emt 00:01:51]} 24. Ne6+ {[%clk 00:56:30]} {[%emt 00:00:53]} Kh8
{[%clk 00:54:32]} {[%emt 00:02:13]} 25. f5 {[%clk 00:55:21]} {[%emt 00:01:38]}
Rg8 {[%clk 00:54:02]} {[%emt 00:01:00]} 26. Qh6 {[%clk 00:43:04]} {[%emt
00:12:48]} Rb7 {[%clk 00:33:39]} {[%emt 00:20:53]} 27. Rad1 {[%clk 00:41:16]}
{[%emt 00:02:17]} gxf5 {[%clk 00:32:58]} {[%emt 00:01:12]} 28. Rd4 {[%clk
00:32:19]} {[%emt 00:09:27]} Rg6 {[%clk 00:32:01]} {[%emt 00:01:27]} 29. Qd2
{[%clk 00:30:17]} {[%emt 00:02:32]} Qg8 {[%clk 00:28:39]} {[%emt 00:03:52]} 30.
Qf2 {[%clk 00:25:26]} {[%emt 00:05:20]} Rb8 {[%clk 00:19:04]} {[%emt 00:10:06]}
31. Re2 {[%clk 00:22:28]} {[%emt 00:03:28]} axb4 {[%clk 00:14:56]} {[%emt
00:04:38]} 32. axb4 {[%clk 00:22:52]} {[%emt 00:00:06]} Ra8 {[%clk 00:15:16]}
{[%emt 00:00:10]} 33. Qxf5 {[%clk 00:20:55]} {[%emt 00:02:27]} Ra1+ {[%clk
00:14:30]} {[%emt 00:01:16]} 34. Kh2 {[%clk 00:21:08]} {[%emt 00:00:17]} Qb8+
{[%clk 00:10:28]} {[%emt 00:04:33]} 35. Qf4 {[%clk 00:18:35]} {[%emt 00:03:02]}
Qxf4+ {[%clk 00:10:08]} {[%emt 00:00:50]} 36. Nxf4 {[%clk 00:19:04]} e5 {[%clk
00:10:17]} {[%emt 00:00:21]} 37. Nxg6+ {[%clk 00:19:33]} {[%emt 00:00:01]} hxg6
{[%clk 00:10:41]} {[%emt 00:00:06]} 38. Rdd2 {[%clk 00:20:00]} {[%emt
00:00:03]} d4 {[%clk 00:09:34]} {[%emt 00:01:37]} 39. Rf2 {[%clk 00:14:21]}
{[%emt 00:06:09]} dxc3 {[%clk 00:07:34]} {[%emt 00:02:30]} 40. Rc2 {[%clk
00:12:36]} {[%emt 00:02:15]} Ra3 {[%clk 00:07:49]} {[%emt 00:00:15]} 41. Rc1
{[%clk 00:10:32]} {[%emt 00:02:34]} Be4 {[%clk 00:07:41]} {[%emt 00:00:38]} 42.
Rxf6 {[%clk 00:08:41]} {[%emt 00:02:21]} c2 {[%clk 00:03:35]} {[%emt 00:04:36]}
43. Re6 {[%clk 00:06:45]} {[%emt 00:02:26]} Rb3 {[%clk 00:02:45]} {[%emt
00:01:21]} 44. Rxe5 {[%clk 00:07:02]} {[%emt 00:00:13]} Bd3 {[%clk 00:03:06]}
{[%emt 00:00:09]} 45. Kg1 {[%clk 00:06:08]} {[%emt 00:01:23]} Kg7 {[%clk
00:02:58]} {[%emt 00:00:40]} 46. Kf2 {[%clk 00:05:56]} {[%emt 00:00:41]} Rxb4
{[%clk 00:03:21]} {[%emt 00:00:08]} 47. Ke3 {[%clk 00:04:15]} {[%emt 00:02:10]}
Kf6 {[%clk 00:03:46]} {[%emt 00:00:05]} 48. Rc5 {[%clk 00:03:19]} {[%emt
00:01:26]} Rb6 {[%clk 00:04:00]} {[%emt 00:00:16]} 49. Kd2 {[%clk 00:03:26]}
{[%emt 00:00:22]} Re6 {[%clk 00:04:24]} {[%emt 00:00:06]} 50. Kc3 {[%clk
00:02:54]} {[%emt 00:01:03]} Re2 {[%clk 00:04:47]} {[%emt 00:00:07]} 51. g4
{[%clk 00:02:34]} {[%emt 00:00:49]} Rh2 {[%clk 00:04:54]} {[%emt 00:00:23]} 52.
g5+ {[%clk 00:02:52]} {[%emt 00:00:13]} Ke6 {[%clk 00:05:12]} {[%emt 00:00:12]}
53. Rxc4 {[%clk 00:01:16]} {[%emt 00:02:06]} Bxc4 {[%clk 00:05:35]} {[%emt
00:00:07]} 54. Kxc4 {[%clk 00:01:42]} {[%emt 00:00:04]} Kf5 {[%clk 00:05:47]}
{[%emt 00:00:18]} 55. h4 {[%clk 00:01:02]} {[%emt 00:01:10]} Rxh4+ {[%clk
00:01:58]} {[%emt 00:04:20]} 56. Kd3 {[%clk 00:01:31]} {[%emt 00:00:01]} Kxg5
{[%clk 00:01:54]} {[%emt 00:00:33]} 57. Rxc2 {[%clk 00:01:42]} {[%emt
00:00:20]} Kf4 {[%clk 00:01:54]} {[%emt 00:00:30]} 58. Rc6 {[%clk 00:01:25]}
{[%emt 00:00:47]} g5 {[%clk 00:02:11]} {[%emt 00:00:13]} 59. Ke2 {[%clk
00:01:53]} {[%emt 00:00:02]} Kg3 {[%clk 00:02:21]} {[%emt 00:00:20]} 60. Rc1
{[%clk 00:00:40]} {[%emt 00:01:43]} Rh2+ {[%clk 00:01:54]} {[%emt 00:00:57]} 61.
Ke3 {[%clk 00:01:02]} {[%emt 00:00:08]} g4 {[%clk 00:02:16]} {[%emt 00:00:08]}
62. Rg1 {[%clk 00:00:54]} {[%emt 00:00:38]} Rg2 {[%clk 00:02:22]} {[%emt
00:00:24]} 63. Rh1 {[%clk 00:01:22]} {[%emt 00:00:01]} Ra2 {[%clk 00:02:40]}
{[%emt 00:00:12]} 64. Rg1 {[%clk 00:01:37]} {[%emt 00:00:15]} Kh3 {[%clk
00:03:05]} {[%emt 00:00:06]} 65. Kf4 {[%clk 00:01:21]} {[%emt 00:00:46]} Rf2+
{[%clk 00:03:23]} {[%emt 00:00:12]} 66. Ke3 {[%clk 00:01:25]} {[%emt 00:00:26]}
Rf8 {[%clk 00:03:39]} {[%emt 00:00:14]} 67. Ke2 {[%clk 00:01:25]} {[%emt
00:00:30]} g3 {[%clk 00:03:56]} {[%emt 00:00:13]} 68. Rh1+ {[%clk 00:00:50]}
{[%emt 00:01:06]} Kg2 {[%clk 00:04:20]} {[%emt 00:00:06]} 69. Rh7 {[%clk
00:01:09]} {[%emt 00:00:10]} Re8+ {[%clk 00:04:41]} {[%emt 00:00:09]} 70. Kd2
{[%clk 00:01:36]} {[%emt 00:00:03]} Kg1 {[%clk 00:04:49]} {[%emt 00:00:22]} 71.
Rh6 {[%clk 00:01:33]} {[%emt 00:00:33]} g2 {[%clk 00:04:39]} {[%emt 00:00:40]}
72. Rh7 {[%clk 00:01:41]} {[%emt 00:00:21]} Re5 {[%clk 00:04:42]} {[%emt
00:00:28]} 73. Rh8 {[%clk 00:01:26]} {[%emt 00:00:45]} Kf2 {[%clk 00:04:26]}
{[%emt 00:00:45]} 74. Re8 {[%clk 00:01:07]} {[%emt 00:00:49]} Rxe8 {[%clk
00:04:45]} {[%emt 00:00:12]}  0-1

[Event "Hull 4NCL International"]
[Site "Hull"]
[Date "2021.10.24"]
[Round "5.3"]
[White "Hebden, Mark L"]
[Black "Thomson, Neil"]
[Result "1-0"]
[WhiteElo "2530"]
[BlackElo "2062"]
[PlyCount "0"]
[EventDate "2021.10.22"]

1. d4 {[%clk 01:30:51]} {[%emt 00:00:07]} g6 {[%clk 01:30:46]} {[%emt
00:00:15]} 2. e4 {[%clk 01:30:52]} {[%emt 00:00:29]} Bg7 {[%clk 01:31:06]}
{[%emt 00:00:10]} 3. Nf3 {[%clk 01:31:14]} {[%emt 00:00:08]} d6 {[%clk
01:31:24]} {[%emt 00:00:12]} 4. Bc4 {[%clk 01:31:35]} {[%emt 00:00:08]} Nf6
{[%clk 01:31:08]} {[%emt 00:00:46]} 5. Qe2 {[%clk 01:31:30]} {[%emt 00:00:36]}
O-O {[%clk 01:31:21]} {[%emt 00:00:17]} 6. e5 {[%clk 01:31:40]} {[%emt
00:00:20]} Ne8 {[%clk 01:30:59]} {[%emt 00:00:52]} 7. h3 {[%clk 01:30:33]}
{[%emt 00:01:37]} c5 {[%clk 01:28:10]} {[%emt 00:03:18]} 8. c3 {[%clk
01:30:26]} {[%emt 00:00:38]} Nc6 {[%clk 01:21:43]} {[%emt 00:06:56]} 9. dxc5
{[%clk 01:21:29]} {[%emt 00:09:27]} dxe5 {[%clk 01:14:06]} {[%emt 00:08:08]} 10.
O-O {[%clk 01:21:04]} {[%emt 00:00:55]} Qc7 {[%clk 01:10:02]} {[%emt 00:04:33]}
11. a3 {[%clk 01:18:33]} {[%emt 00:03:02]} b6 {[%clk 01:08:37]} {[%emt
00:01:55]} 12. cxb6 {[%clk 01:17:06]} {[%emt 00:01:58]} axb6 {[%clk 01:08:36]}
{[%emt 00:00:30]} 13. Re1 {[%clk 01:16:06]} {[%emt 00:01:30]} Kh8 {[%clk
00:58:48]} {[%emt 00:10:18]} 14. Nbd2 {[%clk 01:16:00]} {[%emt 00:00:36]} Bb7
{[%clk 00:49:13]} {[%emt 00:10:05]} 15. Ba2 {[%clk 01:14:01]} {[%emt 00:02:30]}
Nd6 {[%clk 00:46:57]} {[%emt 00:02:45]} 16. h4 {[%clk 01:05:33]} {[%emt
00:08:58]} h6 {[%clk 00:43:05]} {[%emt 00:04:22]} 17. h5 {[%clk 01:00:21]}
{[%emt 00:05:42]} g5 {[%clk 00:37:55]} {[%emt 00:05:40]} 18. Nh2 {[%clk
01:00:19]} {[%emt 00:00:32]} Nd8 {[%clk 00:33:25]} {[%emt 00:04:59]} 19. f3
{[%clk 00:55:17]} {[%emt 00:05:32]} f5 {[%clk 00:30:32]} {[%emt 00:03:23]} 20.
Nhf1 {[%clk 00:54:31]} {[%emt 00:01:17]} Ra4 {[%clk 00:26:35]} {[%emt
00:04:27]} 21. b4 {[%clk 00:42:49]} {[%emt 00:12:12]} Qxc3 {[%clk 00:24:09]}
{[%emt 00:02:56]} 22. Rb1 {[%clk 00:42:21]} {[%emt 00:00:58]} Qd4+ {[%clk
00:14:56]} {[%emt 00:09:43]} 23. Ne3 {[%clk 00:41:38]} {[%emt 00:01:13]} Qh4
{[%clk 00:13:45]} {[%emt 00:01:41]} 24. Bb2 {[%clk 00:39:33]} {[%emt 00:02:35]}
Nc6 {[%clk 00:11:14]} {[%emt 00:03:01]} 25. Nec4 {[%clk 00:37:19]} {[%emt
00:02:44]} Nd4 {[%clk 00:08:07]} {[%emt 00:03:37]} 26. Qd1 {[%clk 00:36:51]}
{[%emt 00:00:58]} e4 {[%clk 00:03:46]} {[%emt 00:04:51]} 27. Nxd6 {[%clk
00:26:30]} {[%emt 00:10:50]} exd6 {[%clk 00:01:21]} {[%emt 00:02:55]} 28. Nxe4
{[%clk 00:24:12]} {[%emt 00:02:49]} Nxf3+ {[%clk 00:00:49]} {[%emt 00:01:02]}
29. gxf3 {[%clk 00:22:48]} {[%emt 00:01:53]} fxe4 {[%clk 00:01:05]} {[%emt
00:00:14]} 30. Bxg7+ {[%clk 00:22:54]} {[%emt 00:00:24]} Kxg7 {[%clk 00:01:28]}
{[%emt 00:00:07]} 31. Qxd6 {[%clk 00:22:19]} {[%emt 00:01:05]} Qf4 {[%clk
00:00:38]} {[%emt 00:01:20]} 32. Qg6+ {[%clk 00:21:56]} {[%emt 00:00:53]} Kh8
{[%clk 00:00:55]} {[%emt 00:00:13]} 33. Qxh6# {[%emt 00:00:06]}  1-0

[Event "Hull 4NCL International"]
[Site "Hull"]
[Date "2021.10.24"]
[Round "5.4"]
[White "Arkell, Keith C"]
[Black "Boswell, Jacob Connor"]
[Result "1-0"]
[WhiteElo "2465"]
[BlackElo "2191"]
[PlyCount "0"]
[EventDate "2021.10.22"]

1. c4 {[%clk 01:15:59]} {[%emt 00:14:59]} Nf6 {[%clk 01:30:18]} {[%emt
00:00:42]} 2. Nc3 {[%clk 01:16:21]} {[%emt 00:00:09]} e5 {[%clk 01:28:25]}
{[%emt 00:02:23]} 3. g3 {[%clk 01:16:44]} {[%emt 00:00:06]} c6 {[%clk
01:24:17]} {[%emt 00:04:39]} 4. d4 {[%clk 01:17:04]} {[%emt 00:00:10]} d6
{[%clk 01:21:05]} {[%emt 00:03:42]} 5. Bg2 {[%clk 01:16:11]} {[%emt 00:01:22]}
Be7 {[%clk 01:19:08]} {[%emt 00:02:28]} 6. e4 {[%clk 01:14:55]} {[%emt
00:01:47]} O-O {[%clk 01:16:35]} {[%emt 00:03:03]} 7. Nf3 {[%clk 01:15:19]}
{[%emt 00:00:06]} Nbd7 {[%clk 01:15:13]} {[%emt 00:01:52]} 8. O-O {[%clk
01:15:40]} {[%emt 00:00:09]} Qc7 {[%clk 01:10:10]} {[%emt 00:05:33]} 9. h3
{[%clk 01:15:34]} {[%emt 00:00:35]} Re8 {[%clk 01:00:07]} {[%emt 00:10:33]} 10.
Be3 {[%clk 01:11:41]} {[%emt 00:04:23]} Bf8 {[%clk 00:56:37]} {[%emt 00:04:01]}
11. d5 {[%clk 01:09:29]} {[%emt 00:02:42]} Nb6 {[%clk 00:49:51]} {[%emt
00:07:16]} 12. Nd2 {[%clk 01:04:24]} {[%emt 00:05:35]} Nxc4 {[%clk 00:38:32]}
{[%emt 00:11:49]} 13. Nxc4 {[%clk 01:03:52]} {[%emt 00:01:01]} cxd5 {[%clk
00:38:40]} {[%emt 00:00:21]} 14. Na3 {[%clk 01:01:43]} {[%emt 00:02:40]} d4
{[%clk 00:38:32]} {[%emt 00:00:38]} 15. Nab5 {[%clk 00:59:59]} {[%emt
00:02:15]} Qd8 {[%clk 00:30:12]} {[%emt 00:08:50]} 16. Nxd4 {[%clk 00:58:51]}
{[%emt 00:01:37]} exd4 {[%clk 00:30:34]} {[%emt 00:00:08]} 17. Bxd4 {[%clk
00:59:18]} {[%emt 00:00:03]} Be6 {[%clk 00:27:48]} {[%emt 00:03:16]} 18. Qd2
{[%clk 00:57:06]} {[%emt 00:02:41]} Nd7 {[%clk 00:23:26]} {[%emt 00:04:52]} 19.
Rfd1 {[%clk 00:56:04]} {[%emt 00:01:32]} a6 {[%clk 00:19:18]} {[%emt 00:04:39]}
20. f4 {[%clk 00:53:50]} {[%emt 00:02:42]} f6 {[%clk 00:17:09]} {[%emt
00:02:40]} 21. Bf2 {[%clk 00:45:51]} {[%emt 00:08:29]} Bf7 {[%clk 00:12:10]}
{[%emt 00:05:30]} 22. Rac1 {[%clk 00:44:53]} {[%emt 00:01:27]} Rc8 {[%clk
00:10:05]} {[%emt 00:02:36]} 23. h4 {[%clk 00:39:47]} {[%emt 00:05:36]} Be6
{[%clk 00:06:37]} {[%emt 00:03:57]} 24. Kh2 {[%clk 00:38:20]} {[%emt 00:01:57]}
a5 {[%clk 00:05:46]} {[%emt 00:01:22]} 25. Bh3 {[%clk 00:36:02]} {[%emt
00:02:48]} Bxh3 {[%clk 00:06:10]} {[%emt 00:00:06]} 26. Kxh3 {[%clk 00:36:28]}
{[%emt 00:00:03]} Nc5 {[%clk 00:06:26]} {[%emt 00:00:14]} 27. Qd5+ {[%clk
00:36:44]} {[%emt 00:00:14]} Kh8 {[%clk 00:06:21]} {[%emt 00:00:34]} 28. Bxc5
{[%clk 00:34:19]} {[%emt 00:02:55]} Rxc5 {[%clk 00:06:47]} {[%emt 00:00:05]} 29.
Qxb7 {[%clk 00:32:30]} {[%emt 00:02:18]} Re7 {[%clk 00:07:12]} {[%emt
00:00:05]} 30. Qa6 {[%clk 00:32:24]} {[%emt 00:00:37]} Rec7 {[%clk 00:07:22]}
{[%emt 00:00:20]} 31. Qe2 {[%clk 00:29:21]} {[%emt 00:03:32]} Qb8 {[%clk
00:06:48]} {[%emt 00:01:04]} 32. Rc2 {[%clk 00:29:00]} {[%emt 00:00:52]} R7c6
{[%clk 00:04:47]} {[%emt 00:02:31]} 33. Rcd2 {[%clk 00:29:12]} {[%emt
00:00:18]} Rc7 {[%clk 00:03:29]} {[%emt 00:01:47]} 34. Kh2 {[%clk 00:26:49]}
{[%emt 00:02:52]} Rb7 {[%clk 00:03:37]} {[%emt 00:00:23]} 35. Rf1 {[%clk
00:24:30]} {[%emt 00:02:48]} f5 {[%clk 00:02:09]} {[%emt 00:01:59]} 36. exf5
{[%clk 00:24:40]} {[%emt 00:00:20]} Rxf5 {[%clk 00:02:15]} {[%emt 00:00:24]} 37.
Rf3 {[%clk 00:24:34]} {[%emt 00:00:35]} Rff7 {[%clk 00:01:34]} {[%emt
00:01:12]} 38. Nd5 {[%clk 00:24:35]} {[%emt 00:00:28]} Rb5 {[%clk 00:01:23]}
{[%emt 00:00:41]} 39. b3 {[%clk 00:18:06]} {[%emt 00:07:00]} Qb7 {[%clk
00:01:42]} {[%emt 00:00:11]} 40. Qe6 {[%clk 00:17:30]} {[%emt 00:01:05]} a4
{[%clk 00:01:28]} {[%emt 00:00:45]} 41. b4 {[%clk 00:16:34]} {[%emt 00:01:26]}
Qa7 {[%clk 00:00:54]} {[%emt 00:01:04]} 42. Rc3 {[%clk 00:15:09]} {[%emt
00:01:55]} Rb8 {[%clk 00:01:03]} {[%emt 00:00:21]} 43. Rdc2 {[%clk 00:14:19]}
{[%emt 00:01:20]} h6 {[%clk 00:01:07]} {[%emt 00:00:27]} 44. f5 {[%clk
00:11:25]} {[%emt 00:03:23]} a3 {[%clk 00:00:38]} {[%emt 00:00:59]} 45. Rf3
{[%clk 00:08:56]} {[%emt 00:02:57]} Kh7 {[%clk 00:00:34]} {[%emt 00:00:35]} 46.
g4 {[%clk 00:06:14]} {[%emt 00:03:11]} Rbb7 {[%clk 00:00:50]} {[%emt 00:00:15]}
47. Qe4 {[%clk 00:05:23]} {[%emt 00:01:20]} Rbe7 {[%clk 00:00:52]} {[%emt
00:00:30]} 48. Nxe7 {[%clk 00:05:38]} {[%emt 00:00:15]} Rxe7 {[%clk 00:01:18]}
{[%emt 00:00:04]} 49. Qd3 {[%clk 00:03:57]} {[%emt 00:02:10]} Re1 {[%clk
00:01:36]} {[%emt 00:00:12]} 50. f6+ {[%clk 00:04:19]} {[%emt 00:00:08]} Kg8
{[%clk 00:00:41]} {[%emt 00:01:25]} 51. Rcf2 {[%clk 00:04:35]} {[%emt
00:00:14]} Qd7 {[%clk 00:00:35]} {[%emt 00:00:37]} 52. Qg6 {[%clk 00:03:40]}
{[%emt 00:01:24]} Qd8 {[%clk 00:00:40]} {[%emt 00:00:26]} 53. g5 {[%clk
00:03:34]} {[%emt 00:00:35]} d5 {[%clk 00:00:36]} {[%emt 00:00:34]} 54. fxg7
{[%clk 00:03:14]} {[%emt 00:00:50]} Qd6+ {[%clk 00:00:42]} {[%emt 00:00:24]} 55.
Qxd6 {[%clk 00:03:37]} {[%emt 00:00:07]} Bxd6+ {[%clk 00:01:08]} {[%emt
00:00:04]} 56. Kg2 {[%clk 00:04:02]} {[%emt 00:00:05]} hxg5 {[%clk 00:01:11]}
{[%emt 00:00:28]} 57. hxg5 {[%clk 00:02:13]} {[%emt 00:02:19]} Bxb4 {[%clk
00:01:26]} {[%emt 00:00:15]} 58. Rf5 {[%clk 00:01:13]} {[%emt 00:01:30]} d4
{[%clk 00:01:14]} {[%emt 00:00:42]} 59. Rd5 {[%clk 00:01:35]} {[%emt 00:00:08]}
Kxg7 {[%clk 00:00:43]} {[%emt 00:01:02]} 60. Rxd4 {[%clk 00:01:19]} {[%emt
00:00:46]} Be7 {[%clk 00:00:58]} {[%emt 00:00:14]} 61. Rd5 {[%clk 00:01:11]}
{[%emt 00:00:37]} Kg6 {[%clk 00:01:08]} {[%emt 00:00:20]} 62. Rc2 {[%clk
00:01:18]} {[%emt 00:00:24]} Re6 {[%clk 00:01:01]} {[%emt 00:00:37]} 63. Kf3
{[%clk 00:01:46]} Rb6 {[%clk 00:00:36]} {[%emt 00:00:56]} 64. Re2 {[%clk
00:01:48]} {[%emt 00:00:28]} Bxg5 {[%clk 00:00:41]} {[%emt 00:00:25]} 65. Rg2
{[%clk 00:02:01]} {[%emt 00:00:16]} Rf6+ {[%clk 00:01:06]} {[%emt 00:00:05]} 66.
Ke4 {[%clk 00:01:53]} {[%emt 00:00:38]} Rf4+ {[%clk 00:01:28]} {[%emt
00:00:08]} 67. Ke5 {[%clk 00:01:10]} {[%emt 00:01:13]} Rf5+ {[%clk 00:00:45]}
{[%emt 00:01:14]} 68. Ke6 {[%clk 00:01:38]} {[%emt 00:00:02]} Rxd5 {[%clk
00:00:43]} {[%emt 00:00:33]} 69. Kxd5 {[%clk 00:02:07]} {[%emt 00:00:01]} Kf6
{[%clk 00:00:58]} {[%emt 00:00:14]} 70. Re2 {[%clk 00:01:58]} {[%emt 00:00:39]}
Bf4 {[%clk 00:00:56]} {[%emt 00:00:32]} 71. Rf2 {[%clk 00:02:10]} {[%emt
00:00:17]} Kf5 {[%clk 00:01:19]} {[%emt 00:00:09]} 72. Rf3 {[%clk 00:02:34]}
{[%emt 00:00:06]} Kg5 {[%clk 00:00:44]} {[%emt 00:01:05]} 73. Rxa3 {[%clk
00:02:57]} {[%emt 00:00:07]} Bb8 {[%clk 00:00:33]} {[%emt 00:00:41]} 74. Rf3
{[%clk 00:03:17]} {[%emt 00:00:09]} Kg4 {[%clk 00:00:38]} {[%emt 00:00:25]} 75.
Rf7 {[%clk 00:03:38]} {[%emt 00:00:09]}  1-0

[Event "Hull 4NCL International"]
[Site "Hull"]
[Date "2021.10.24"]
[Round "5.5"]
[White "Cooper, John G"]
[Black "Maycock, David Henry"]
[Result "0-1"]
[WhiteElo "2313"]
[BlackElo "2133"]
[PlyCount "0"]
[EventDate "2021.10.22"]

1. c4 {[%clk 01:30:51]} {[%emt 00:00:08]} e6 {[%clk 01:20:57]} {[%emt
00:10:03]} 2. g3 {[%clk 01:29:53]} {[%emt 00:01:28]} d5 {[%clk 01:20:22]}
{[%emt 00:01:05]} 3. Bg2 {[%clk 01:29:01]} {[%emt 00:01:22]} Nf6 {[%clk
01:20:07]} {[%emt 00:00:44]} 4. Nf3 {[%clk 01:28:39]} {[%emt 00:00:52]} Be7
{[%clk 01:16:09]} {[%emt 00:04:28]} 5. O-O {[%clk 01:24:08]} {[%emt 00:05:00]}
O-O {[%clk 01:15:33]} {[%emt 00:01:08]} 6. b3 {[%clk 01:23:08]} {[%emt
00:01:31]} c5 {[%clk 01:03:26]} {[%emt 00:12:37]} 7. e3 {[%clk 01:18:42]}
{[%emt 00:04:55]} Nc6 {[%clk 01:02:25]} {[%emt 00:01:31]} 8. Bb2 {[%clk
01:13:19]} {[%emt 00:05:53]} Re8 {[%clk 00:55:15]} {[%emt 00:07:40]} 9. d4
{[%clk 01:05:11]} {[%emt 00:08:38]} Ne4 {[%clk 00:48:52]} {[%emt 00:06:53]} 10.
Nc3 {[%clk 01:00:31]} {[%emt 00:05:10]} Nxc3 {[%clk 00:45:52]} {[%emt
00:03:30]} 11. Bxc3 {[%clk 01:00:26]} {[%emt 00:00:34]} cxd4 {[%clk 00:43:47]}
{[%emt 00:02:36]} 12. exd4 {[%clk 00:56:36]} {[%emt 00:04:20]} Bf6 {[%clk
00:42:12]} {[%emt 00:02:05]} 13. Qd2 {[%clk 00:54:19]} {[%emt 00:02:47]} Rb8
{[%clk 00:36:02]} {[%emt 00:06:41]} 14. Rac1 {[%clk 00:51:29]} {[%emt
00:03:19]} Ne7 {[%clk 00:27:27]} {[%emt 00:09:04]} 15. Rfe1 {[%clk 00:47:02]}
{[%emt 00:04:58]} Bd7 {[%clk 00:21:51]} {[%emt 00:06:07]} 16. g4 {[%clk
00:43:37]} {[%emt 00:03:54]} h6 {[%clk 00:18:32]} {[%emt 00:03:49]} 17. h4
{[%clk 00:43:23]} {[%emt 00:00:44]} Ng6 {[%clk 00:18:59]} {[%emt 00:00:03]} 18.
g5 {[%clk 00:35:23]} {[%emt 00:08:30]} hxg5 {[%clk 00:18:20]} {[%emt 00:01:09]}
19. hxg5 {[%clk 00:35:37]} {[%emt 00:00:16]} Be7 {[%clk 00:18:48]} {[%emt
00:00:03]} 20. c5 {[%clk 00:35:09]} {[%emt 00:00:58]} Nh4 {[%clk 00:18:51]}
{[%emt 00:00:27]} 21. Re5 {[%clk 00:33:06]} {[%emt 00:02:31]} f6 {[%clk
00:14:32]} {[%emt 00:04:51]} 22. gxf6 {[%clk 00:22:17]} {[%emt 00:11:19]} Bxf6
{[%clk 00:14:15]} {[%emt 00:00:47]} 23. Rh5 {[%clk 00:22:17]} {[%emt 00:00:29]}
g6 {[%clk 00:13:17]} {[%emt 00:01:29]} 24. Rxh4 {[%clk 00:19:08]} {[%emt
00:03:39]} Bxh4 {[%clk 00:13:41]} {[%emt 00:00:06]} 25. Qh6 {[%clk 00:19:24]}
{[%emt 00:00:15]} Bf6 {[%clk 00:13:53]} {[%emt 00:00:19]} 26. Qxg6+ {[%clk
00:17:19]} {[%emt 00:02:34]} Bg7 {[%clk 00:14:11]} {[%emt 00:00:12]} 27. Ne5
{[%clk 00:16:04]} {[%emt 00:01:45]} Rf8 {[%clk 00:13:37]} {[%emt 00:01:04]} 28.
Bd2 {[%clk 00:15:57]} {[%emt 00:00:37]} Qh4 {[%clk 00:09:33]} {[%emt 00:04:34]}
29. Nxd7 {[%clk 00:09:34]} {[%emt 00:06:52]} Qxf2+ {[%clk 00:09:14]} {[%emt
00:00:50]} 30. Kh2 {[%clk 00:09:55]} {[%emt 00:00:09]} Qh4+ {[%clk 00:09:10]}
{[%emt 00:00:34]} 31. Bh3 {[%clk 00:09:51]} {[%emt 00:00:34]} Rf2+ {[%clk
00:08:38]} {[%emt 00:01:02]} 32. Kg1 {[%clk 00:10:11]} {[%emt 00:00:10]} Rxd2
{[%clk 00:08:09]} {[%emt 00:01:00]} 33. Bg2 {[%clk 00:05:32]} {[%emt 00:05:08]}
Qxd4+ {[%clk 00:08:31]} {[%emt 00:00:08]} 34. Kh1 {[%clk 00:05:56]} {[%emt
00:00:06]} Qh4+ {[%clk 00:08:55]} {[%emt 00:00:06]} 35. Kg1 {[%clk 00:06:19]}
{[%emt 00:00:06]} Kh8 {[%clk 00:09:15]} {[%emt 00:00:10]}  0-1